Catálogo

Ceremonia de los inocentes / (Registro nro. 67991)

Detalles MARC
000 -LEADER
fixed length control field 01143cam a22003137i 4500
001 - CONTROL NUMBER
control field 67991
003 - CONTROL NUMBER IDENTIFIER
control field Mx-PuUPA
005 - DATE AND TIME OF LATEST TRANSACTION
control field 20240419151150.0
008 - FIXED-LENGTH DATA ELEMENTS--GENERAL INFORMATION
fixed length control field 180802b1987 mx || |r|||| 00| 0 spa d
020 ## - INTERNATIONAL STANDARD BOOK NUMBER
International Standard Book Number 9684197152
040 ## - CATALOGING SOURCE
Original cataloging agency Mx-PuUPA
Language of cataloging spa
Transcribing agency Mx-PuUPA
Modifying agency Mx-PuUPA
Description conventions rda
041 1# - LANGUAGE CODE
Language code of text/sound track or separate title spa
Language code of original eng
100 1# - MAIN ENTRY--PERSONAL NAME
Personal name Caldwell, Taylor,
Dates associated with a name 1900-1985
Relator term autor
9 (RLIN) 7270
240 1# - UNIFORM TITLE
Uniform title Ceremony of the innocent.
Language of a work Español
245 1# - TITLE STATEMENT
Title Ceremonia de los inocentes /
Statement of responsibility, etc. Taylor Caldwell ; traducción J.M. Alvarez [y otro]
250 ## - EDITION STATEMENT
Edition statement Primera edición
264 #1 - PRODUCTION, PUBLICATION, DISTRIBUTION, MANUFACTURE, AND COPYRIGHT NOTICE
Place of production, publication, distribution, manufacture México, D.F. :
Name of producer, publisher, distributor, manufacturer Editorial Grijalbo,
Date of production, publication, distribution, manufacture, or copyright notice ©1987
300 ## - PHYSICAL DESCRIPTION
Extent 505 páginas ;
Dimensions 19 cm.
336 ## - CONTENT TYPE
Content type term texto
Fuente rdacontent
Content type code txt
337 ## - MEDIA TYPE
Media type term sin medio
Source rdmedio
Media type code n
338 ## - CARRIER TYPE
Carrier type term volumen
Source rdacarrier
Carrier type code nc
650 #4 - SUBJECT ADDED ENTRY--TOPICAL TERM
Topical term or geographic name entry element Novela norteamericana
Chronological subdivision Siglo XX
700 1# - ADDED ENTRY--PERSONAL NAME
Personal name Álvarez, J.M.,
Relator term traductor
700 1# - ADDED ENTRY--PERSONAL NAME
Personal name Caldwell, Taylor,
Relationship information Traducción de:
Dates associated with a name 1900-1985.
Title of a work Ceremony of the innocent.
942 ## - ADDED ENTRY ELEMENTS (KOHA)
Koha item type Libro
Source of classification or shelving scheme Dewey Decimal Classification
Classification part 813.5
Item part C141
Existencias
Withdrawn status Lost status Source of classification or shelving scheme Damaged status Not for loan Collection code Home library Current library Shelving location Date acquired Total Checkouts Full call number Barcode Date last seen Date last checked out Price effective from Koha item type
    Dewey Decimal Classification     General Biblioteca Karol Wojtyla Biblioteca Karol Wojtyla Sala general 29/10/2018 1 813.5 C141 1987 62529 05/01/2026 20/04/2022 29/10/2018 Libro